Tự lắp đặt thiết kế hệ thống điện gia dụng

Gardado en:
Detalles Bibliográficos
Formato: Libro
Idioma:Vietnamese
Publicado: Đà Nẵng 2002
Các nhãn: Engadir etiqueta
Sen Etiquetas, Sexa o primeiro en etiquetar este rexistro!
Thư viện lưu trữ: Mạng thư viện Đại học Đà Nẵng
LEADER 00617nam a2200241 4500
001 000022701
003 19150
005 20150514130545.0
008 150514s2002 viesd
020 |c 26000 
041 0 |a vie 
082 1 4 |a 621,3  |b Tư-L 
245 1 0 |a Tự lắp đặt thiết kế hệ thống điện gia dụng  |c Hoàng Sơn dịch 
260 |b Đà Nẵng  |c 2002 
300 |a tr.  |c cm. 
OWN |a LSP 
999 |a From the UDN01 
TYP |a Monograph 
TYP |a Printed language 
980 |a Mạng thư viện Đại học Đà Nẵng